[Event "Trevis San Miguel op 26th"]
[Site "Trevis"]
[Date "2020.09.20"]
[Round "3"]
[White "Martinez Hurtado, Manuel"]
[Black "Gonzalez Fernandez, Alicia"]
[Result "1-0"]
[WhiteElo "1504"]
[BlackElo "1496"]
[PlyCount "53"]
[EventDate "2020.09.19"]
[EventType "swiss"]
[EventRounds "3"]
[EventCountry "ESP"]
[SourceTitle "EXT 2024"]
[Source "ChessBase"]
[SourceDate "2023.10.10"]
[SourceVersion "1"]
[SourceVersionDate "2023.10.10"]
[SourceQuality "1"]

1. d4 d5 2. c4 c6 3. Nc3 Nf6 4. Nf3 a6 5. Bf4 dxc4 6. a4 Nd5 7. Bxb8 Rxb8 8. e4 Nxc3 9. bxc3 b5 10. Rb1 Qa5 11. Qc2 Bb7 12. Be2 g6 13. 0-0 Bg7 14. Rb2 0-0 15. Rfb1 Qc7 16. Nd2 e5 17. d5 cxd5 18. axb5 dxe4 19. bxa6 Bxa6 20. Qxe4 Rxb2 21. Rxb2 Qa5 22. Qc2 Rc8 23. h3 Bh6 24. Ne4 f5 25. Nd6 Rc6 26. Qd1 Qd8 27. Qd5+ 1-0

[Event "Pontevedra op-B 6th"]
[Site "Pontevedra"]
[Date "2018.08.11"]
[Round "5"]
[White "Gonzalez Fernandez, Alicia"]
[Black "Suarez Gomez, Paula"]
[Result "1/2-1/2"]
[WhiteElo "1443"]
[BlackElo "1327"]
[PlyCount "94"]
[EventDate "2018.08.08"]
[EventType "swiss"]
[EventRounds "9"]
[EventCountry "ESP"]
[SourceTitle "CBM 186 Extra"]
[Source "ChessBase"]
[SourceDate "2018.08.24"]
[SourceVersion "1"]
[SourceVersionDate "2018.08.24"]
[SourceQuality "1"]

1. e4 e6 2. d4 d5 3. Nc3 dxe4 4. Nxe4 Nd7 5. Nf3 Ngf6 6. Nxf6+ Nxf6 7. Bf4 Bd7 8. c3 c5 9. Bd3 Bc6 10. Be2 Be7 11. 0-0 Qb6 12. Qb3 0-0 13. Ne5 Qxb3 14. axb3 Bd5 15. c4 Be4 16. g4 Rfd8 17. f3 Bg6 18. Nxg6 hxg6 19. dxc5 Bxc5+ 20. Kh1 Bd4 21. Rfd1 e5 22. Bg3 a6 23. Rd2 e4 24. Rad1 Bb6 25. Rxd8+ Rxd8 26. Rxd8+ Bxd8 27. fxe4 Nxe4 28. Bf4 Bf6 29. Bc1 a5 30. Bf3 Nc5 31. Be3 Nxb3 32. Bxb7 Bxb2 33. c5 Nd4 34. c6 Ne6 35. Bb6 Be5 36. Bxa5 Bc7 37. Bxc7 Nxc7 38. Kg2 Kf8 39. Kf3 Ke7 40. Ke4 Kd6 41. Kd4 Nb5+ 42. Ke4 Na7 43. c7 Kxc7 44. Bd5 Nb5 45. Kf4 Nd6 46. h4 Kd7 47. Bb3 Ke7 1/2-1/2